Bucket List Countries - Statistics

General Stats
  • This quiz has been taken 9 times
  • The average score is 3 of 10
Answers on the Grid
Answers color-coded by a green-red scale on the quiz's grid according to % correct below.
Iceland
Philpines
UAE
Greece
Japan
Switzerland
Monaco
Spain
USA
France
Mongolia
Belgium
Cambodia
Denmark
Vietnam
Fiji
Maldives
Canada
New Zealand
South Korea
 
Answer Stats
Answer % Correct
France
67%
Iceland
56%
Denmark
33%
Canada
22%
Monaco
22%
South Korea
22%
Switzerland
22%
Cambodia
11%
Vietnam
11%
UAE
0%
No matching quizzes found
Score Distribution
Percent of People with Each Score
Percentile by Number Answered
Your Score History
You have not taken this quiz